000 nam a22 7a 4500
999 _c9149
_d9149
008 180123b ||||| |||| 00| 0 eng d
100 _aNCERT
_95419
245 _aGeography part I - XI
260 _aNew Delhi
_bNCERT
_c2006